00794cam a22002411a 4500001001300000003000400013005001700017008004100034010001700075035002000092040004800112042001200160050002700172082001300199100004700212245004900259260003300308300002000341490007900361650002900440830006600469999001700535e 23000037 DLC20260227111214.0850419s1923 dcu f000 0 eng c ae 23000037  a(OCoLC)11943090 aU.S. Off. of Educ. LibrarycABAUdABAUdDLC apremarc00aL111b.A6 1922, no. 44 a370.61731 aSeerley, Homer H.q(Homer Horatio),d1848-14aThe American teacher /cby Homer H. Seerley. aWashington :bG.P.O.,c1923. a14 p. ;c23 cm.1 aBulletin / Department of the Interior, Bureau of Education ;v1922, no. 44 0aTeacherszUnited States. 0aBulletin (United States. Bureau of Education) ;v1922, no. 44 c20589d20589